| 000 | 01339nam a2200289 i 4500 | ||
|---|---|---|---|
| 001 | bg | ||
| 245 | 0 | 0 |
_aWielkoobszarowe gospodarstwa rolne, ich załogi i nowi gospodarze : _bmateriały z konferencji, Warszawa 2 grudnia 1997 r. / _cpod red. nauk. Barbary Fedyszak-Radziejowskiej ; Polska Akademia Nauk. Instytut Rozwoju Wsi i Rolnictwa. |
| 260 |
_aWarszawa : _bPAN. IRWiR, _c1998. |
||
| 300 |
_a189 s. : _b2 wykr. ; _c24 cm. |
||
| 490 | 1 | _aProblemy Rozwoju Wsi i Rolnictwa | |
| 504 | _aBibliogr. s. 131-132, 161-189. | ||
| 650 | 9 |
_aGospodarstwo wielkoobszarowe _xekonomika _zPolska _yod 1989 r. |
|
| 650 | 9 |
_aGospodarstwo wielkoobszarowe _xsocjologia _zPolska _yod 1989 r. |
|
| 650 | 9 |
_aPaństwowe gospodarstwa rolne _xprywatyzacja _zPolska |
|
| 655 | _aMateriały konferencyjne | ||
| 700 | 1 |
_aFEDYSZAK-RADZIEJOWSKA, Barbara. _eRed. |
|
| 710 | 0 |
_aPolska Akademia Nauk _bInstytut Rozwoju Wsi i Rolnictwa |
|
| 830 | _aProblemy Rozwoju Wsi i Rolnictwa | ||
| 020 | _a8385369414 | ||
| 040 | _cBPK | ||
| 041 | 0 | _apol | |
| 080 | _a631.115.71:631.16:332.025.28:316.334.55](438)"1989/..."(061) | ||
| 920 | _a83-85369-41-4 | ||
| 942 | _cKS | ||
| 008 | s pl f |000 0 pol | ||
| 999 |
_c44022 _d44022 |
||
| 856 |
_uhttp://koha.tu.koszalin.pl/cgi-bin/koha/opac-detail.pl?biblionumber=44022 _yKatalog online BPK |
||